| 000 | 00735cab a2200241 4500 | ||
|---|---|---|---|
| 001 | WB3139-56 | ||
| 008 | 090401t1995 xxu||||| |||| 00| 0 eng d | ||
| 035 | _a(Sirsi) u3022 | ||
| 041 | _aeng | ||
| 245 | _aComment on passing of Cornerstone | ||
| 260 | _c1995 | ||
| 350 | _a0 | ||
| 490 |
_aRICS Press Release _v(PR134.RES) 19 October 1995, (1) |
||
| 520 | _aRICS president states that Cornerstone going into receivership is a reflection of weak state of the housing market. | ||
| 650 | _aCORNERSTONE | ||
| 650 | _aESTATE AGENTS | ||
| 650 | _aHOUSING MARKET | ||
| 650 | _aRECEIVERSHIP | ||
| 650 | _aRESIDENTIAL AGENTS | ||
| 690 | _aMANAGEMENT-BUSINESS MANAGEMENT-PROFESSIONAL PRACTICE | ||
| 942 | _n0 | ||
| 948 | _c04/03/1997 | ||
| 999 |
_c1823 _d1823 |
||